000 00299nam a2200109Ia 4500
008 190723s9999 xx 000 0 und d
020 _a679008446
245 _aFodor's pocket Philippines/
260 _aNew York:
_bRandom House, Inc.
_c2003
300 _aviii, 95 p. :
_c180 cm.
650 _aPhilippines
999 _c362010
_d362010